000 00782nam a2200229Ia 4500
001 21688
005 20260407081856.0
008 260320s9999||||xx |||||||||||||| ||und||
022 _a20756305
041 _aESP
082 _aHR 344 JUL 2025
_bGPP
110 _aGaceta Jurídica
245 0 _aGaceta penal & procesal penal :
_binformación especializada para abogados, jueces y fiscales
260 _aLima :
_bGaceta Jurídica
_c2025
300 _a248 páginas :
_bilustraciones, diagramas
_c25 cm.
505 _aTomo 193 / Julio 2025
650 _aCIS
653 _aDerecho - Revista
654 _aDER
856 _uhttps://www-gacetajuridica-com-pe.ucsp.lookproxy.com/productos/gaceta-penal-procesal-penal/revistas-digitales
_zVersión digital
942 _cREV
_dJUS
_fMIP
_2ddc
999 _c21688
_d21688